MPK Włocławek Linia 4 - Statystyki

Ogólne statystyki
  • Ten quiz został rozwiązany 10 razy
  • Średni wynik to 18 z 23
Statystyki odpowiedzi
Lp. Przystanek Uwagi % Poprawnych
7 Polskiej Organizacji Wojskowej/POW .
100%
3 Budowlanych .
89%
9 Chmielna .
89%
18 Duninowska .
89%
23 Łęg .
89%
10 Ogniowa .
89%
19 Płocka (Bloki) .
89%
1 Promienna (Pętla)/Promienna .
89%
8 Św Antoniego .
89%
16 WORD .
89%
14 Celulozowa .
78%
2 Dworzec Zazamcze .
78%
17 Geberit .
78%
4 KESEM .
78%
13 Okrężna .
78%
15 Teligi .
78%
5 Urząd Pracy .
78%
20 Zakład Ubezpieczeń Społecznych/ZUS .
78%
12 Centrum Kultury Browar B Wariantowo
67%
6 Centrum Przesiadkowe Dworzec PKP .
67%
11 Zespół Szkół Chemicznych Wariantowo
67%
21 Port Rzeczny N/Ż
56%
22 Graniczna N/Ż
44%
Nie znaleziono quizów pasujących do podanych kryteriów
Rozkład punktacji
Procent ludzi z każdym wynikiem
Percentyl według liczby udzielonych odpowiedzi
Twoja historia wyników
Nie rozwiązałeś tego quizu